000 02294nam a22004577a 4500
003 OSt
005 20230322111841.0
008 230322b |||||||| |||| 00| 0 eng d
015 _aGBB573160
_2bnb
020 _a0128000562
020 _a9780128000564
020 _z9780128009116 (PDF ebook)
035 _a(OCoLC)ocn900028206
040 _aYDXCP
_beng
_cKMU
_erda
_dBTCTA
_dOCLCQ
_dKKU
_dOCLCO
_dCDX
_dOCLCF
_dNJT
_dORZ
_dERL
_dLIP
_dDLC
042 _apcc
050 0 0 _aTK7868.D5
_bH35 2016
082 0 0 _a621.39/2
_223
100 1 _aHarris, Sarah L.,
_eauthor.
245 1 0 _aDigital design and computer architecture /
_cSarah L. Harris ; David Money Harris.
250 _aARM® Edition
264 1 _aAmsterdam :
_bElsevier/Morgan Kaufmann,
_c[2016]
264 4 _c©2016.
300 _axxiv, 559 pages :
_billustrations ;
_c24 cm
336 _atext
_btxt
_2rdacontent
337 _aunmediated
_bn
_2rdamedia
338 _avolume
_bnc
_2rdacarrier
500 _aIncludes index.
504 _aIncludes bibliographical references and index.
505 0 _aFrom Zero to One -- Combinational Logic Design -- Sequential Logic Design -- Hardware Description Languages -- Digital Building Blocks -- Architecture -- Microarchitecture -- Memory Systems -- I/O Systems -- Appendix A. Digital System Implementation -- Appendix B. ARM Instructions -- Appendix C. C Programming.
650 0 _aDigital electronics.
650 0 _aLogic design.
650 0 _aComputer architecture.
650 7 _aComputer architecture.
_2fast
_0(OCoLC)fst00872026
650 7 _aDigital electronics.
_2fast
_0(OCoLC)fst00893670
650 7 _aLogic design.
_2fast
_0(OCoLC)fst01002045
700 1 _aHarris, David Money,
_eauthor.
856 4 1 _uhttps://shibboleth2sp.gar.semcs.net/Shibboleth.sso/Login?entityID=https://passport01.leeds.ac.uk/idp/shibboleth&target=https://shibboleth2sp.gar.semcs.net/shib?dest=http%253A%252F%252Fwww.vlebooks.com%252FSHIBBOLETH%253Fdest%253Dhttp%25253A%25252F%25252Fwww.vlebooks.com%25252Fvleweb%25252Fproduct%25252Fopenreader%25253Fid%25253DLeedsUni%252526isbn%25253D9780128009116
_zView this book online, via VLeBooks, both on- and off-campus
906 _a7
_bcbc
_cpccadap
_d2
_encip
_f20
_gy-gencatlg
942 _2lcc
_cBK
_n0
999 _c259
_d259